000 00547nam a2200145 a 4500
001 000030260
005 20200930060158.0
008 110505s2010 dr a r 000 0 spa d
040 _aDO-SdBNP
_bspa
_cBNPHU
082 _axxxx
_bR426m
110 1 _aRepública Dominicana
_bSecretaría de Estado de Economía, Planificación y Desarrollo.
_bOficina Nacional de Estadística
_934693
245 1 0 _aMetodología del cálculo del déficit habitacional en República Dominicana.
260 _aSanto Domingo :
_bONE,
_c2010.
300 _a61 p. :
_bil. ;
_c28 cm.
999 _c29752
_d29752